Quick Pick: Born to Do Their Job Quiz Stats

 Plays Quiz Updated Dec 9, 2017

Challenge
Share
Tweet
Embed
Score 0/12 Timer 01:30
4 Plays Today
% Correct
Usain Bolt
95.9%
Barth Toothman
94.2%
Russell Brain
92%
Christopher McCracken
91.4%
Sara Blizzard
89.8%
William Wordsworth
88.9%
Les McBurney
88.8%
Alan Heavens
88.1%
Larry Speakes
87.7%
Peter Bowler
85.6%
Bruno Fromage
85.5%
Sue Yoo
81.4%

Today's Daily Dose

Word Ladder
Bruno Mars Song

Get the Picture
Japanese Cars

You're not logged in!

Compare scores with friends on all Sporcle quizzes.
OR
Log In

You Might Also Like...

Show Comments

Extras

Top Quizzes Today


Score Distribution

Your Account Isn't Verified!

In order to create a playlist on Sporcle, you need to verify the email address you used during registration. Go to your Sporcle Settings to finish the process.

Report this User

Report this user for behavior that violates our Community Guidelines.

Details: